[Event "Pfalz-ch HT1 86th"]
[Site "Wolfstein"]
[Date "2017.04.15"]
[Round "7"]
[White "Schulz, Werner"]
[Black "Kodalle, Dominik"]
[Result "1/2-1/2"]
[WhiteElo "1797"]
[BlackElo "1309"]
[PlyCount "67"]
[EventDate "2017.04.07"]
[EventType "swiss"]
[EventRounds "7"]
[EventCountry "GER"]
[SourceTitle "EXT 2018"]
[Source "ChessBase"]
[SourceDate "2017.10.13"]
[SourceVersion "1"]
[SourceVersionDate "2017.10.13"]
[SourceQuality "1"]

1. d4 Nf6 2. Bg5 d6 3. Nf3 Nbd7 4. Nc3 g6 5. e4 Bg7 6. h3 0-0 7. Qd2 Re8 8. Bh6 Bh8 9. Bc4 e5 10. d5 Nc5 11. Qe3 a6 12. b4 Ncd7 13. g4 b5 14. Bb3 Nb6 15. Nd2 Bg7 16. Bg5 Nbd7 17. 0-0-0 Bb7 18. f3 Qc8 19. h4 h5 20. Rdg1 Qb8 21. Bh6 Qa7 22. Qxa7 Rxa7 23. Be3 Raa8 24. g5 Nh7 25. a4 bxa4 26. Bxa4 Red8 27. Nc4 Bc8 28. Na5 Nb8 29. Kd2 Nf8 30. Rb1 Bd7 31. Nb7 Rc8 32. b5 axb5 33. Bxb5 Bxb5 34. Nxb5 1/2-1/2

[Event "Pfalz-ch HT1 86th"]
[Site "Wolfstein"]
[Date "2017.04.09"]
[Round "4"]
[White "Schulz, Werner"]
[Black "Chiviksin, Valerie"]
[Result "0-1"]
[WhiteElo "1797"]
[BlackElo "1853"]
[PlyCount "80"]
[EventDate "2017.04.07"]
[EventType "swiss"]
[EventRounds "7"]
[EventCountry "GER"]
[SourceTitle "EXT 2018"]
[Source "ChessBase"]
[SourceDate "2017.10.13"]
[SourceVersion "1"]
[SourceVersionDate "2017.10.13"]
[SourceQuality "1"]

1. d4 d5 2. Nf3 c6 3. c3 Bf5 4. Qb3 Qb6 5. Nbd2 e6 6. Nh4 Bg6 7. Nxg6 hxg6 8. e4 dxe4 9. Nxe4 Nf6 10. Nxf6+ gxf6 11. Be3 Nd7 12. Bc4 Qxb3 13. Bxb3 Bd6 14. g3 0-0 15. f4 f5 16. h4 Nf6 17. 0-0-0 a5 18. a3 b5 19. a4 Ne4 20. Rhg1 bxa4 21. Bxa4 Rfc8 22. g4 Nf6 23. gxf5 exf5 24. Bb3 Kg7 25. Rdf1 Re8 26. Rf3 a4 27. Bc2 Kh7 28. Kd2 a3 29. bxa3 Rxa3 30. Kd3 Nd5 31. Bd2 Nb4+ 32. Kc4 Nxc2 33. h5 Raa8 34. hxg6+ fxg6 35. Rfg3 Re6 36. Kb3 Na3 37. c4 Rb8+ 38. Ka4 Nxc4 39. Bc3 Nb6+ 40. Ka5 Nd5 0-1

[Event "Pfalz-ch HT1 86th"]
[Site "Wolfstein"]
[Date "2017.04.08"]
[Round "2"]
[White "Haugner, Jan"]
[Black "Schulz, Werner"]
[Result "1/2-1/2"]
[WhiteElo "1843"]
[BlackElo "1797"]
[PlyCount "100"]
[EventDate "2017.04.07"]
[EventType "swiss"]
[EventRounds "7"]
[EventCountry "GER"]
[SourceTitle "EXT 2018"]
[Source "ChessBase"]
[SourceDate "2017.10.13"]
[SourceVersion "1"]
[SourceVersionDate "2017.10.13"]
[SourceQuality "1"]

1. e4 d5 2. exd5 Nf6 3. Bb5+ Bd7 4. Bc4 b5 5. Bb3 a5 6. a4 bxa4 7. Bxa4 Bxa4 8. Rxa4 Qd7 9. Nc3 Nxd5 10. Nxd5 Qxd5 11. Nf3 Qe6+ 12. Qe2 Qxe2+ 13. Kxe2 c5 14. Ne5 f6 15. Nc4 Nc6 16. d3 Rb8 17. b3 Nd4+ 18. Kd2 e5 19. Bb2 Be7 20. Rha1 Nc6 21. Nxa5 Nxa5 22. Rxa5 c4 23. Ra8 Kf7 24. Rxb8 Rxb8 25. dxc4 Bb4+ 26. Ke2 Rd8 27. c3 Bc5 28. b4 Bxf2 29. Rd1 Rxd1 30. Kxd1 f5 31. c5 g5 32. c4 Ke6 33. c6 Bb6 34. c5 Bd8 35. b5 Kd5 36. Bxe5 Kxe5 37. b6 Ke6 38. c7 Bxc7 39. bxc7 Kd7 40. c8Q+ Kxc8 41. Kd2 Kc7 42. Kc3 Kc6 43. Kd4 f4 44. h3 h6 45. Kc4 h5 46. Kd4 g4 47. hxg4 hxg4 48. Ke4 f3 49. gxf3 gxf3 50. Kxf3 Kxc5 1/2-1/2

[Event "Rheinland Pfalz op Seniors 13th"]
[Site "Neustadt an der Weinstrasse"]
[Date "2015.07.15"]
[Round "6"]
[White "Baier, Peter"]
[Black "Schulz, Werner"]
[Result "1-0"]
[WhiteElo "1685"]
[BlackElo "1621"]
[PlyCount "97"]
[EventDate "2015.07.10"]
[EventType "swiss"]
[EventRounds "7"]
[EventCountry "GER"]
[SourceTitle "EXT 2019"]
[Source "ChessBase"]
[SourceDate "2018.10.10"]
[SourceVersion "1"]
[SourceVersionDate "2018.10.10"]
[SourceQuality "1"]

1. d4 Nf6 2. Bf4 c5 3. e3 cxd4 4. exd4 Qb6 5. b3 Nc6 6. Nf3 e6 7. Be2 Nd5 8. Bd2 Nxd4 9. Nxd4 Qxd4 10. c3 Qf6 11. 0-0 Nf4 12. Bxf4 Qxf4 13. Nd2 Be7 14. Nf3 0-0 15. Qc2 d5 16. Rad1 b6 17. Rd4 Qh6 18. Rfd1 Bf6 19. R4d3 Ba6 20. c4 Rac8 21. Re3 dxc4 22. bxc4 Rc5 23. Ra3 Bxc4 24. Bxc4 b5 25. Rxa7 Rxc4 26. Qe2 Rc1 27. g3 Rd8 28. Rf1 Rxf1+ 29. Kxf1 Qh3+ 30. Kg1 b4 31. Qf1 Qf5 32. Kg2 Qd5 33. Qa6 h6 34. Qb7 Qxb7 35. Rxb7 Bc3 36. Ra7 f6 37. Ra6 Kf7 38. h3 Rd7 39. g4 g5 40. Ng1 Rd2 41. Ra7+ Kg6 42. Nf3 Re2 43. Kg3 f5 44. gxf5+ exf5 45. Kg2 Kh5 46. Ng1 Re1 47. Ra6 Ra1 48. Ne2 Be1 49. Ng3+ 1-0

[Event "Rheinland Pfalz op Seniors 13th"]
[Site "Neustadt an der Weinstrasse"]
[Date "2015.07.14"]
[Round "5"]
[White "Schulz, Werner"]
[Black "Pueschel, Wilhelm"]
[Result "0-1"]
[WhiteElo "1621"]
[BlackElo "1720"]
[PlyCount "40"]
[EventDate "2015.07.10"]
[EventType "swiss"]
[EventRounds "7"]
[EventCountry "GER"]
[SourceTitle "EXT 2019"]
[Source "ChessBase"]
[SourceDate "2018.10.10"]
[SourceVersion "1"]
[SourceVersionDate "2018.10.10"]
[SourceQuality "1"]

1. d4 Nf6 2. Bg5 Ne4 3. Bf4 e6 4. f3 Nf6 5. e4 d6 6. Nd2 c5 7. Nb3 cxd4 8. Qxd4 e5 9. Bxe5 dxe5 10. Bb5+ Bd7 11. Qxe5+ Be7 12. 0-0-0 Qb6 13. Bc4 Nc6 14. Qg3 0-0 15. h4 Nh5 16. Qe1 Ne5 17. g4 Nf4 18. g5 Rad8 19. Bd5 Be6 20. c4 Nfd3+ 0-1